Actual and potential evapotranspiration in the floodplain forest

Bibliographic Details
Main Author: Židek, Vladimír (Author)
Format: Article
Language:English
PhysicalDescription:Tb. 2. Graf 5. Res. čes., rus., lit. 24 zázn. v angl.,nem., franc.
Subjects:

MARC

LEADER 00000nab a2200000 a 4500
001 vtls000325373
003 SK-MaSNL
005 20260319075107.0
008 160204c1987 xo 0 eng
015 |a SNBRB19rr/mm-uuuuu 
035 |a CL0325495 
040 |a SNKBUCL  |b slo  |c SNKBUCL  |e AACR2 
041 0 |a eng 
044 |a xo  |c SK 
080 |a 581.11:630.26  |2 1981 
080 |a 630.26  |2 1981 
100 1 |a Židek, Vladimír  |4 aut  |9 783605 
245 1 0 |a Actual and potential evapotranspiration in the floodplain forest  |c Vladimír Židek 
300 |b Tb. 2. Graf 5. Res. čes., rus., lit. 24 zázn. v angl.,nem., franc. 
650 0 7 |a lužné lesy  |2 snkbucl  |9 85386 
650 0 7 |a evapotranspirácia  |2 snkbucl  |9 15415 
655 7 |a články z novín a časopisov  |2 snkbucl  |9 267496 
773 0 |t Ekológia (ČSSR)  |g Roč. 7, č. 1 (1987), s. 43-59 
850 |a Slovenská národná knižnica v Martine  |a MTA001 
852 |a SNK  |b KIS3GCP 
958 |a NB 
958 |a RK 
958 |a CZ 
992 |a RBX 
999 |c 1528131  |d 1530061